000 00845nam a2200217 a 4500
003 0
005 20250312083317.0
008 080724s19uu xx 00 eng d
050 _aPGS GV 711.5
_b.L655 2008
100 _aLevanza, Hazel Anne P.
245 _aSports participation and leadership skills of SISC middle school varsity players /
_cHazel Anne P. Levanza.
260 _aLas PiƱas City, Philippines :
_bSouthville International School and Colleges,
_c2008.
300 _a36 pages :
_billustrations ;
_c28 cm.
504 _aIncludes bibliographical references.
650 _aSports participation
_vPsychological aspects.
650 _aAthletes
_vLeadership skills.
650 _aLeadership in children.
650 _aSchool sports
_vSocial aspects.
650 _aTeam sports
_vPsychological aspects.
942 _2lcc
_cPASS
999 _c97928
_d97928